000 00784nam a2200241 a 4500
001 BRCA_2
005 20190320202833.0
008 910715s1990 mx-a---##b---f000-0#spa-#
020 _a9683611680
050 4 _aZ115
_b.P49 1990
100 1 _aPezzat Arzave, Delia
_95
245 1 0 _aElementos de paleografía novohispana
_cDelia Pezzat Arzave.
260 _aMéxico
_bUNAM, Facultad de Filosofía y Letras
_c1990
300 _a140 p.
_bil.
_c22 cm.
440 0 _aSeminarios
_96
500 _aIncluye índice de láminas
504 _aBibliografía: p. 131-134
650 1 4 _aPaleografía mexicana
_xHistoria
_yHasta 1810
_97
650 1 4 _aManuscritos españoles americanos
_xFacsímiles
_98
650 1 4 _aDiplomáticos
_zAmérica Latina
_99
653 0 _aEscritura novohispana
942 _2lcc
_cB
999 _c2
_d2